000 00468nam a2200181Ia 4500
001 23272
005 20260414150926.0
008 260414t2007||||xx |||||||||||||| ||spa||
041 _aESP
082 _a628.1
_bS17
100 _aSaldarriaga, Juan
_eAUT
245 0 _aHidráulica, de tuberías :
_babastecimiento de agua, redes, riesgo
260 _c2007
300 _axviii, 671 páginas :
_c24 cm.
650 _aCNM
654 _aCCN
942 _cLIB
_dJUS
_fJUS
_2ddc
_n
999 _c23272
_d23272